=LDR 00000nam 2200000 4500 =001 INLIS000000000014611 =005 20130612105905 =008 ***********************************Ind** =035 ##$$a0010-061300000014611 =041 ##$$a Ind =082 ##$$a 658 =090 ##$$a 658, Dar m =100 ##$$a Darmawi, Herman =245 ##$$a Manajemen Resiko, hermawan Darmawi =260 ##$$a 1996 $b Jakarta =300 ##$$a viii,172 Hlm, ilus, 20 cm =650 ##$$a Manajemen =850 ##$$a NBPNMAT =990 ##$$a 21400613/BPAP-NTB/20142014 =990 ##$$a 21400613/BPAP-NTB/20142014